Loading...

இந்திய இலக்கியச் சிற்பிகள் - பம்மல் சம்பந்த முதலியார்

Bibliografiske detaljer
Main Authors: Perumal E En, பெருமாள் ஏ என்
Format: Printed Book
Udgivet: New Delhi Sahitya Academi 2016
Udgivelse:2nd
LEADER 00642nam a22001577a 4500
020 |a 9788126050048 
082 |a 920  |b PER/I 
100 |a Perumal E En 
100 |a பெருமாள் ஏ என்  
240 |a Indiya Ilakiya sirpikal - pammal sampantha muthaliyar 
245 |a இந்திய இலக்கியச் சிற்பிகள் - பம்மல் சம்பந்த முதலியார்  
250 |a 2nd 
260 |a New Delhi   |b Sahitya Academi  |c 2016 
942 |c BK 
999 |c 312954  |d 312954 
952 |0 0  |1 0  |4 0  |6 920_000000000000000_PER_I  |7 0  |9 334566  |a TAM  |b TAM  |d 2020-11-21  |o 920 PER/I  |p TAM30932  |w 2020-11-21  |y BK